01736nam a2200517 i 450000100060000000300090000600500170001500800410003201500180007302000150009103500230010603500360012903500140016503500210017903500230020003500440022304000280026704100080029504600090030308000150031208000100032708000110033708000110034810000330035924501220039225000530051426000640056730000210063133600270065233700540067933800280073338000160076138000230077738800100080065000180081065000310082865000310085965100110089065800370090165800250093885600980096394200120106199900170107395200670109095200610115740513KOSZ 00520190906125530.0010919s2001 pl |000 0 pol  aPB 2001/15141 a839064861X a991016880209705066 a(PL-WaBN)b14555815-48omnis_nlop ab14555815 a(OCoLC)749457690 a(PL)b0000001455581 a(EXLNZ-48OMNIS_NETWORK)9910174112305606 aWA NcWA NdKOSZ 005/HR0 apol k2001 a349.6(438) a628.1 a628.32 a628.391 aWiśniewski, JózefeAutor10aUstawa o zbiorowym zaopatrzeniu w wodę i zbiorowym odprowadzaniu ścieków z komentarzem /cJózef Wiśniewski. aWg stanu prawnego na dzień 20 sierpnia 2001 r. aBydgoszcz :bIzba Gospodarcza "Wodociągi Polskie",c2001. a234 s. ;c21 cm. 2rdacontentaTekstbtxt 2rdamediaaBez urządzenia pośredniczącegobn 2rdacarrieraWoluminbnc aKsiążki aPublikacje fachowe a2001- 7aŚcieki2DBN 7aZaopatrzenie w wodę2DBN 7aPrawo ochrony środowiska 7aPolska aPrawo i wymiar sprawiedliwości aOchrona środowiska uhttp://koha.tu.koszalin.pl/cgi-bin/koha/opac-detail.pl?biblionumber=40513yKatalog online BPK 2UKDcKS c40513d40513 00104071aBPKbBPKcco61642p01630763t628.1/.3 W.K.ŚyKS 00104070aBPKbBPKcwo61643p01630756s2020-05-29yKS